| 000 | 01025nam a2200277 i 4500 | ||
|---|---|---|---|
| 001 | 8177 | ||
| 003 | KOSZ 005 | ||
| 005 | 20220309125955.0 | ||
| 008 | 080610s1961 pl a f 000 0 pol | ||
| 015 | _aPB 1961/6588 | ||
| 040 |
_aWA N _cKOSZ 005/RW _dKOSZ 005/RW |
||
| 080 | _a513:621 | ||
| 100 | 1 |
_aPolański, Stanisław _d(1919-1997) _eAutor |
|
| 245 | 1 | 0 |
_aRozwinięcia powierzchni : _bwybrane przykłady dla potrzeb techniki / _cStanisław Polański. |
| 260 |
_aWarszawa : _bPaństwowe Wydawnictwo Naukowe, _c1961. |
||
| 300 |
_a191, [1] s. ; _c24 cm + _eRysunki i tablice : 116 s. |
||
| 380 | _aKsiążki. | ||
| 650 | 4 |
_aBudownictwo _xrysunek techniczny. |
|
| 650 | 4 |
_aDach _xbudowa i konstrukcje. |
|
| 650 | 4 |
_aDach _xmateriały. |
|
| 650 | 4 | _aGeometria wykreślna | |
| 650 | 4 | _aStereometria | |
| 710 | 2 |
_aPaństwowe Wydawnictwo Naukowe _4pbl. |
|
| 856 |
_uhttp://koha.tu.koszalin.pl/cgi-bin/koha/opac-detail.pl?biblionumber=8177 _yKatalog online BPK |
||
| 942 |
_2UKD _cKS |
||
| 999 |
_c8177 _d8177 |
||